000 00701nam a22002177a 4500
003 UA-OsUOA
001 116267
007 ta
008 20160225b un ||||| |||| 00| 0 ukr d
100 _aІванова С.В.
090 _a902
_bИ99
942 _cSA
040 _aUA-OsUOA
_bukr
_cUA-OsUOA
_dUA-OsUOA
245 _aКультурно-історичні процеси в Північно-Західному Причорномор'ї (кінець ІV - ІІІ тис. до н. е.)
300 _aС.3-21
955 _a0
041 _aukr
080 _a902
773 0 _w116266
_tАрхеологія
_dК.
_d2015
_g4
650 7 _a9 Географія. Біографії. Історія
_2UDC
999 _c402179
_d402179